000 00691nam a2200217 a 4500
001 000020094
005 20200929170249.0
008 100720s1951 sp 001 f spa d
040 _aDO-SdBNP
_bspa
_cBNPHU
082 _a863.62
_bL579j, 1951
100 1 _aLeón, Ricardo,
_d1877-1943
_941659
245 1 0 _aJauja /
_cRicardo León.
250 _a2a ed.
260 _aMadrid :
_bEspasa-Calpe,
_c1951.
300 _a180 p. ;
_c18 cm.
490 1 _aAustral. Azul: novelas y cuentos en general
_v370
500 _aIncluye índice de autores.
650 4 _aNovela española
_91123
650 4 _aLiteratura española
_9632
830 0 _aAustral.
_pAzul : novelas y cuentos en general ;
_v370
_922386
999 _c19602
_d19602